The Ghana revolution from Nkrumah to Jerry Rawlings (Record no. 564)

MARC details
000 -LEADER
fixed length control field 00452nam a2200169Ia 4500
008 - FIXED-LENGTH DATA ELEMENTS--GENERAL INFORMATION
fixed length control field 240428s9999||||xx |||||||||||||| ||und||
020 ## - INTERNATIONAL STANDARD BOOK NUMBER
International Standard Book Number 9781562102
041 ## - LANGUAGE CODE
Language code of text/sound track or separate title eng
082 ## - DEWEY DECIMAL CLASSIFICATION NUMBER
Classification number 303.64B
100 ## - MAIN ENTRY--PERSONAL NAME
Personal name Babatope
245 #4 - TITLE STATEMENT
Title The Ghana revolution from Nkrumah to Jerry Rawlings
260 ## - PUBLICATION, DISTRIBUTION, ETC.
Name of publisher, distributor, etc. Fourth Dimension Pub.
Place of publication, distribution, etc. Enugu
Date of publication, distribution, etc. 1982
300 ## - PHYSICAL DESCRIPTION
Extent xvii, 109p, photos
650 ## - SUBJECT ADDED ENTRY--TOPICAL TERM
Topical term or geographic name entry element Ghana -- Politics and government -- 1957-
942 ## - ADDED ENTRY ELEMENTS (KOHA)
Koha item type Books
Holdings
Withdrawn status Lost status Damaged status Not for loan Home library Current library Shelving location Date acquired Total checkouts Full call number Date last seen Copy number Price effective from Koha item type
        Main Library Main Library Open Shelves 07/02/2022   NULL 29/04/2024 1 29/04/2024 Books
©2026  Parliament of Ghana Library - All rights reserved